[Event "VEN-ch"]
[Site "Barquisimeto"]
[Date "2019.04.17"]
[Round "7"]
[White "Rodriguez, Orlando Alexis"]
[Black "Hernandez, Oscar"]
[Result "0-1"]
[WhiteElo "1976"]
[BlackElo "1990"]
[PlyCount "50"]
[EventDate "2019.04.13"]
[EventType "swiss"]
[EventRounds "9"]
[EventCountry "VEN"]
[SourceTitle "CBM 189 Extra"]
[Source "ChessBase"]
[SourceDate "2019.06.03"]
[SourceVersion "1"]
[SourceVersionDate "2019.06.03"]
[SourceQuality "1"]

1. d4 Nf6 2. c4 e6 3. Nc3 Bb4 4. Qc2 d5 5. a3 Bxc3+ 6. Qxc3 Ne4 7. Qc2 c5 8. dxc5 Nxc5 9. cxd5 Nca6 10. dxe6 Bxe6 11. e4 0-0 12. Nf3 Qe7 13. Bd2 Rc8 14. Bc3 Bd5 15. Nd2 Nc5 16. Bd3 f5 17. e5 Nbd7 18. Bxf5 Nxe5 19. Bxh7+ Kh8 20. 0-0 Qg5 21. Be4 Nxe4 22. Nxe4 Nf3+ 23. Kh1 Qf4 24. Ng3 Qh4 25. h3 Nd4 0-1

[Event "Valencia Amazonas"]
[Site "Valencia"]
[Date "2018.07.01"]
[Round "6.1"]
[White "Rodriguez, Orlando Alexis"]
[Black "Hernandez Bonilla, Amelia"]
[Result "0-1"]
[WhiteElo "2020"]
[BlackElo "2027"]
[PlyCount "82"]
[EventDate "2018.06.30"]
[EventType "schev"]
[EventRounds "6"]
[EventCountry "VEN"]
[SourceTitle "EXT 2019"]
[Source "ChessBase"]
[SourceDate "2018.10.10"]
[SourceVersion "1"]
[SourceVersionDate "2018.10.10"]
[SourceQuality "1"]
[WhiteTeam "Venezuela Inv"]
[BlackTeam "Venezuela Olympic (Women)"]
[WhiteTeamCountry "VEN"]
[BlackTeamCountry "VEN"]

1. d4 Nf6 2. c4 e6 3. Nc3 Bb4 4. Qc2 Nc6 5. Nf3 d5 6. a3 Bxc3+ 7. Qxc3 h6 8. b4 0-0 9. e3 Ne4 10. Qc2 a5 11. b5 Nb8 12. Bd3 f5 13. a4 Nd7 14. Ba3 Rf6 15. Rc1 c6 16. g3 g5 17. Ne5 g4 18. h3 gxh3 19. Bxe4 fxe4 20. Bd6 Nf8 21. c5 Bd7 22. b6 Nh7 23. Rxh3 Ng5 24. Rh4 Be8 25. Rf4 Bh5 26. g4 Be8 27. Qe2 Nh7 28. Kd2 Bf7 29. Rh1 Ng5 30. Ke1 Kh7 31. Qf1 Rxf4 32. exf4 Nf3+ 33. Nxf3 exf3 34. Qd3+ Bg6 35. f5 exf5 36. gxf5 Bf7 37. Qxf3 Qg5 38. Bf4 Qxf5 39. Rxh6+ Kg7 40. Qg3+ Bg6 41. Be5+ Kxh6 0-1